Rochak Ganit/ (Record no. 38558)

000 -LEADER
fixed length control field 00316nam a22001451a 4500
020 ## - INTERNATIONAL STANDARD BOOK NUMBER
ISBN 9788186599426
082 ## - DEWEY DECIMAL CLASSIFICATION NUMBER
Classification number H 510
Item number VYA/R
100 ## - MAIN ENTRY--AUTHOR NAME
Personal name Vyas S M
245 ## - TITLE STATEMENT
Title Rochak Ganit/
Statement of responsibility, etc by Vyas S M
260 ## - PUBLICATION, DISTRIBUTION, ETC. (IMPRINT)
Place of publication Jaipur:
Name of publisher Surabhi,
Year of publication 2008.
300 ## - PHYSICAL DESCRIPTION
Number of Pages 150p.
650 ## - SUBJECT ADDED ENTRY--TOPICAL TERM
Topical Term Mathematics
650 ## - SUBJECT ADDED ENTRY--TOPICAL TERM
Topical Term Science
942 ## - ADDED ENTRY ELEMENTS (KOHA)
Koha item type Book
Holdings
Withdrawn status Lost status Damaged status Not for loan Permanent Location Current Location Date acquired Cost, normal purchase price Full call number Accession Number Cost, replacement price Price effective from Koha item type
        Sree Sankaracharya University of Sanskrit Sree Sankaracharya University of Sanskrit 08.01.2015 130.00 H 510 VYA/R 059695 0.00 08.01.2015 Book